Normal view
MARC view
- Haider Ejaz (NUST201463505MCES64114F)
Entry Personal Name
001 - CONTROL NUMBER
- control field: 116336
003 - CONTROL NUMBER IDENTIFIER
- control field: NUST
005 - DATE AND TIME OF LATEST TRANSACTION
- control field: 20230912165931.0
008 - FIXED-LENGTH DATA ELEMENTS
- fixed length control field: 230912|| aca||aabn | a|a d
040 ## - CATALOGING SOURCE
- Original cataloging agency: NUST
- Transcribing agency: NUST
100 ## - HEADING--PERSONAL NAME
- Personal name: Haider Ejaz (NUST201463505MCES64114F)
670 ## - SOURCE DATA FOUND
- Source citation: Work cat.: (NUST): Haider Ejaz (NUST201463505MCES64114F), Algal hyrogen production using electrochemical and fermentative electron prevision /, 2017
